LIBRARY & INFORMATION CENTRE, KCAET, TAVANUR

ONLINE PUBLIC ACCESS CATALOGUE (OPAC)

Making of verse:A guide to English metres / (Record no. 3709)

MARC details
000 -LEADER
fixed length control field 00416cam a2200157ua 4500
041 ## - LANGUAGE CODE
Language code of text/sound track or separate title eng
082 ## - DEWEY DECIMAL CLASSIFICATION NUMBER
Classification number 828.09
Item number SWA/MA
100 ## - MAIN ENTRY--AUTHOR NAME
Personal name Swann, Robert .
245 ## - TITLE STATEMENT
Title Making of verse:A guide to English metres /
260 ## - PUBLICATION, DISTRIBUTION, ETC. (IMPRINT)
Place of publication London :
Name of publisher Sidgwick & Jackson Ltd ,
Year of publication 1966.
300 ## - PHYSICAL DESCRIPTION
Number of Pages 160 ; .
700 1# - ADDED ENTRY--PERSONAL NAME
Personal name Sidgwick, Frank .
942 ## - ADDED ENTRY ELEMENTS (KOHA)
Koha item type Books
Holdings
Withdrawn status Lost status Damaged status Home library Current library Date acquired Full call number Accession Number Koha item type
Withdrawn     KAUAET Malayalam University 07/04/2012 828.09 11681 Books
free website counter